00480 2200181 4500001002100000005001500021008004100036020002200077035001900099041000700118082001000125090001600135100001400151245005000165260003200215300003200247650001900279INLIS00000000002095720241224130941241224||||||||| | ||| |||| || |  a978-979-465-526-9 0010-1224020957 aid0 a611.8 a611.8 TAK m0 aE. Takari00aMengenal Sistem Saraf, Hormon dan Alat Indera aBandungbEpilson Grupc2011 aiv, 52 hlm. :Ilust. ;29 cm. 0aILMU KESEHATAN